01216cam a22002411 450000100100000000500170001000800410002701000150006803500190008304000280010204200120013005000160014210000330015824500280019126000540021930000210027349000340029450504680032865000220079691000340081895201050085299900170095700001796420200929165309.0800423s1944 ag 000 0 spa c aa 46001316 a(OCoLC)6235671 aDO-SdBNPcNmUdNmUdDLC apremarc00aML385b.A351 aAguilar, Paco,d1897-93894810aA orillas de la musica. aBuenos Aires, :bEditorial Losada, S.A.,c[1944]. a174 p. ;c18 cm.0 aBiblioteca contemporanea. 1370 aUn dia de Manuel de Falla.--Un dia de Mauricio Ravel.--Un dia de Joaquin Turina.--Un dia de Igor Stravinsky.--Un dia de Lily Pons.--Un dia de Ernesto Halffter.--Un dia de Ignacio Paderewsky.--Un dia de Joaquin Nin.--Un dia de Conchita Badia.--Un dia de Pablo Casals.--Un dia de Alejandro Brailovsky.--Un dia de Ricardo Vines.--Un dia de Arturo Rubinstein.--Un dia de Jose Iturbi.--Un dia de Jane Batori.--Un dia de Andres Segovia.--Un dia de los hermanos Aguilar. 0aMusicians.938949 aCatalogación por copia / LC 001050718MOaGRbGRcCTd2010-04-07iLF1l0o p17964-10r2020-06-25w2020-06-25y1ZNo se presta c17488d17488